<?xml version="1.0" encoding="UTF-8"?>
<marc:record xmlns:marc="http://www.loc.gov/MARC21/slim">
   <marc:leader>00000nam a2200000 a 4500</marc:leader>
   <marc:datafield ind1="1" ind2=" " tag="100">
      <marc:subfield code="a">Singh, Simon</marc:subfield>
      <marc:subfield code="4">aut</marc:subfield>
      <marc:subfield code="e">Verfasser/-in</marc:subfield>
   </marc:datafield>
   <marc:datafield ind1="1" ind2=" " tag="100">
      <marc:subfield code="a">Fritz, Klaus</marc:subfield>
      <marc:subfield code="4">trl</marc:subfield>
      <marc:subfield code="e">Übersetzer/-in</marc:subfield>
   </marc:datafield>
   <marc:datafield ind1="1" ind2=" " tag="100">
      <marc:subfield code="a">Singh, Simon</marc:subfield>
   </marc:datafield>
   <marc:datafield ind1=" " ind2=" " tag="653">
      <marc:subfield code="a">Wiles</marc:subfield>
   </marc:datafield>
   <marc:datafield ind1=" " ind2=" " tag="653">
      <marc:subfield code="a">Andrew</marc:subfield>
   </marc:datafield>
   <marc:datafield ind1=" " ind2=" " tag="653">
      <marc:subfield code="a">Geschichte</marc:subfield>
   </marc:datafield>
   <marc:datafield ind1=" " ind2=" " tag="653">
      <marc:subfield code="a">Fermatsche Vermutung</marc:subfield>
   </marc:datafield>
   <marc:datafield ind1=" " ind2=" " tag="653">
      <marc:subfield code="a">Beweis</marc:subfield>
   </marc:datafield>
   <marc:datafield ind1="0" ind2="0" tag="245">
      <marc:subfield code="a">Fermats letzter Satz</marc:subfield>
   </marc:datafield>
   <marc:datafield ind1="0" ind2="0" tag="245">
      <marc:subfield code="b">die abenteuerliche Geschichte eines mathematischen Rätsels</marc:subfield>
   </marc:datafield>
   <marc:datafield ind1="0" ind2="0" tag="245">
      <marc:subfield code="c">Simon Singh. Aus dem Engl. von Klaus Fritz</marc:subfield>
   </marc:datafield>
   <marc:datafield ind1=" " ind2="1" tag="264">
      <marc:subfield code="a">München</marc:subfield>
      <marc:subfield code="b">Dt. Taschenbuch-Verl.</marc:subfield>
      <marc:subfield code="c">2011</marc:subfield>
   </marc:datafield>
   <marc:datafield ind1="1" ind2=" " tag="490">
      <marc:subfield code="a">Große Themen in allen Formaten</marc:subfield>
   </marc:datafield>
   <marc:datafield ind1=" " ind2=" " tag="250">
      <marc:subfield code="a">Jub.-Ed. 2011 50 Jahre dtv</marc:subfield>
   </marc:datafield>
   <marc:datafield ind1="1" ind2=" " tag="520">
      <marc:subfield code="a">Angaben aus der Verlagsmeldung

Fermats letzter Satz : Die abenteuerliche Geschichte eines mathematischen Rätsels Fermat's Last Theorem. The Story of a Riddle that Confounded the World's Greatest Minds for 358 Years (Fourth Estate, London 1997) / von Simon Singh

Der Satz des Pythagoras: a&amp;sup2;+b&amp;sup2;=c&amp;sup2; steht im Zentrum des R&amp;auml;tsels, um das es hier geht. Diese &amp;raquo;Urformel&amp;laquo; gilt immer und &amp;uuml;berall, aber nur in der Zweier-Potenz, mit keiner anderen ganzen Zahl. In den Notizen des franz&amp;ouml;sischen Mathematikers Pierre Fermat, der im 17. Jahrhundert lebte, gibt es einen Hinweis, da&amp;szlig; er den Beweis f&amp;uuml;r dieses Ph&amp;auml;nomen gefunden hat. Doch der Beweis selbst ist verschollen.

350 Jahre lang versuchten nun die Mathematiker der nachfolgenden Generationen, diesen Beweis zu f&amp;uuml;hren. Keinem wollte es gelingen, manche trieb das Problem sogar in den Selbstmord. Schlie&amp;szlig;lich wurde ein Preis f&amp;uuml;r die L&amp;ouml;sung des R&amp;auml;tsels ausgesetzt. Nun gelang dem britischen Mathematiker Andrew Wiles 1995 der Durchbruch. Simon Singh wiederum gelang es, diese auf den ersten Blick abgelegene Geschichte so zu erz&amp;auml;hlen, da&amp;szlig; niemand und auch kein Mathematikhasser sich ihrer Faszination entziehen kann: Ein Glanzlicht des modernen Wissenschaftsjournalismus!
</marc:subfield>
   </marc:datafield>
   <marc:datafield ind1=" " ind2=" " tag="020">
      <marc:subfield code="a">9783423195188</marc:subfield>
      <marc:subfield code="9">9783423195188</marc:subfield>
   </marc:datafield>
   <marc:datafield ind1=" " ind2=" " tag="041">
      <marc:subfield code="a">ger</marc:subfield>
   </marc:datafield>
   <marc:datafield ind1=" " ind2=" " tag="300">
      <marc:subfield code="a">363 S.</marc:subfield>
   </marc:datafield>
</marc:record>
